| 000 | 00000nam 2200000zi 4500 |
| 001 | 9.941715 |
| 003 | CaOODSP |
| 005 | 20250107152004 |
| 006 | m o d f |
| 007 | cr cn |||||||| |
| 008 | 240809t20242024onca o f000 0 eng d |
| 020 | |a9780660731087 |
| 040 | |aCaOODSP|beng|erda|cCaOODSP |
| 043 | |an-cn--- |
| 086 | 1 |aH144-57/2024E-PDF |
| 245 | 00|aStaying healthy in the heat. |
| 264 | 1|a[Ottawa] : |bHealth Canada = Santé Canada, |c[2024] |
| 264 | 4|a©2024 |
| 300 | |a1 online resource (3 unnumbered pages) : |bcolour illustrations |
| 336 | |atext|btxt|2rdacontent |
| 337 | |acomputer|bc|2rdamedia |
| 338 | |aonline resource|bcr|2rdacarrier |
| 500 | |aIssued also in French under title: Demeurez en santé dans la chaleur. |
| 500 | |a"Pub.: 240472." |
| 650 | 0|aHeat exhaustion|zCanada|xPrevention. |
| 650 | 0|aHeat stroke|zCanada|xPrevention. |
| 710 | 1 |aCanada. |bHealth Canada, |eissuing body. |
| 775 | 08|tDemeurez en santé dans la chaleur.|w(CaOODSP)9.941714 |
| 856 | 40|qPDF|s473 KB|uhttps://publications.gc.ca/collections/collection_2025/sc-hc/H144-57-2024-eng.pdf |